000 00440nam a2200169Ia 4500
008 230711s9999||||xx |||||||||||||| ||und||
020 _a978-93-83419-23-4
041 _aENG
082 _a727.9
_bFE-F
100 _aFernamdes,Boniface G
245 0 _aFixing Flawed Urban Planning : The case of Delhi
250 _a1st Ed.
260 _c2015
_aGhaziabad
_bCopal Publishing Group
300 _a176p.
650 _aArchitecture
942 _cBK
999 _c7022
_d7022